000 00665nam a2200289Ia 4500
001 Z_3302
003 CHAP
008 220113s1972 xx 000 0 und d
010 _a166411
040 _cCHAP
082 _a591.5 T5
100 _aTinbergen, Niko
_9140494
245 _aThe animal in its world /
_cby Niko Tinbergen
260 _aCambridge :
_bHarvard University,
_c1972
300 _a2 v. ; ilus.
440 _a
500 _a
503 _a
650 _aAnimales
_xHábitos y conducta
_95865
650 _aEcología animal
_935170
901 _a591.5 T5
902 _aA
910 _a1972
942 _c1
942 _cc1
999 _c166411
_d166411